| 000 | 00852nam a2200241 a 4500 | ||
|---|---|---|---|
| 001 | 60331 | ||
| 003 | BD-RjUL | ||
| 005 | 20211209080827.0 | ||
| 008 | 161229r19781982ii ||||| |||| 00| 0 ben d | ||
| 020 | _c: IRs 6.00 | ||
| 035 | _a(BD-RjUL)60455 | ||
| 040 |
_aBD-RjUL _bben _cBD-RjUL |
||
| 041 | _aben | ||
| 082 |
_223 _a109 _bDAB 1982 |
||
| 100 |
_aদত্ত, অম্লান _9175786 |
||
| 245 | 1 | 0 |
_aব্যক্তি যুক্তি সমাজ / _cঅম্লান দত্ত |
| 250 | _a১ম সং. | ||
| 260 |
_aকলিকাতা : _bআনন্দ পাবলিশার্স, _c১৯৭৮ [মুদ্রণ ১৯৮২] |
||
| 300 |
_a৬০ পৃ. ; _c২১ সেমি |
||
| 650 |
_aদর্শন _xইতিহাস _9170388 |
||
| 650 |
_aPhilosophy History _9179527 |
||
| 942 |
_2ddc _cBK |
||
| 999 |
_c60331 _d60331 |
||